00854nam a2200229 a 450000100100000000500170001000800410002704000250006808200150009310000360010824500890014426000390023330000210027249000320029349000200032550400740034583000390041983000270045804900090048595201130049499900170060700003454220200930073745.0111006s1942 ag 000 0 spa d aDO-SdBNPbspacBNPHU axxxbA719d1 aAriztimuño, José De,95997713aLa democracia en euzkadi :bensayo histórico jurídico /cJosé de Ariztimuño. aBuenos Aires :bVasca Ekin,c1942. a302 p. ;c18 cm.1 aBiblioteca de Cultura Vasca1 aBelgrano;v1141 aIncluye referencias bibliográficas y notas al pie de las páginas. 0aBiblioteca de Cultura Vasca959978 0aBelgrano;v1141959979 aBNGR 001050718MOaGRbGRcCTd2011-10-06iLF1l0oxxx A719dp34542-10r2020-06-25w2020-06-25y1ZNo se presta c34033d34033